| 000 | 01094nab a22002297a 4500 | ||
|---|---|---|---|
| 999 |
_c5436 _d5436 |
||
| 003 | OSt | ||
| 005 | 20250909101802.0 | ||
| 008 | 190604e xxu||||| |||| 00| 0 spa d | ||
| 040 | _cPJ | ||
| 100 |
_96434 _aVillata, Ricardo A. |
||
| 245 | 1 | 3 |
_aModificaciones en materia de acceso a la información pública : comentario al dec. PEN 780/2024 / _cRicardo A. Villata. |
| 260 |
_aCiudad Autónoma de Buenos Aires : _bThomson Reuters La Ley, _c2025. |
||
| 300 | _ap. 36-44 | ||
| 500 | _aCita Online: TR LALEY AR/DOC/286/2025. | ||
| 505 | _aSumario: I. Consideraciones introductorias.— II. Los cambios producidos por la norma.— III. Comentarios conclusivos. | ||
| 505 | _t¿Te interesa el texto completo? Solicitalo al correo: koha@justierradelfuego.gov.ar | ||
| 650 | 0 |
_95529 _aACCESO A LA INFORMACIÓN PÚBLICA |
|
| 650 | 0 |
_95678 _aPUBLICIDAD DE LOS ACTOS DE GOBIERNO |
|
| 650 | 0 |
_94531 _aDECRETO REGLAMENTARIO |
|
| 773 | 0 |
_02714 _93171 _dCiudad Autónoma de Buenos Aires : Thomson Reuters La Ley, 2014- _tRevista anales de legislación argentina. Nº 4 - Abril 2025. |
|
| 942 |
_2udc _cANA |
||